00638nam a2200205Ia 4500003000400000008004100004020002300045040000800068100002400076245004400100260003200144300001400176365001100190901002000201902003400221903005800255942001200313952009000325999001700415LDD181029s9999 xx 000 0 und d a3339183339c168.00 cLDD aDEKKER, Adrianus J. 0aSolid state physicscAdrianus J. DEKKER aDelhibMcmillan Indiac1957 axiv, 540p b168.00 a534b24-10-1996 a37380b08-11-1996cFdHBAe53 aDiscount-10bReqst by : S.R. Jha  2ddccBK 00102ddc4070953510aLDDbLDDl0o530.41 D369Sp036833r2018-11-01w2018-11-01yBK c53511d53511